[Event "Titled Tuesday intern op 30th Mar"]
[Site "Chess.com INT"]
[Date "2021.03.30"]
[Round "2"]
[White "Gazik, Viktor"]
[Black "Obrien, Matthew J"]
[Result "1-0"]
[WhiteElo "2542"]
[BlackElo "2156"]
[PlyCount "81"]
[EventDate "2021.03.30"]
[EventType "swiss (blitz)"]
[EventRounds "11"]
[EventCountry "USA"]
[SourceTitle "CBM 201 Extra"]
[Source "ChessBase"]
[SourceDate "2021.05.31"]
[SourceVersion "1"]
[SourceVersionDate "2021.05.31"]
[SourceQuality "1"]

1. e4 c5 2. Nc3 d6 3. Nf3 a6 4. d4 cxd4 5. Nxd4 Nf6 6. a4 e5 7. Nf3 h6 8. Bc4 Be6 9. Qe2 Qc7 10. Bb3 Nbd7 11. 0-0 Be7 12. Rd1 0-0 13. a5 Rac8 14. Be3 Bxb3 15. cxb3 Nc5 16. b4 Ne6 17. Bb6 Qc4 18. Qc2 Qxb4 19. Ra4 Qb5 20. g3 Qc6 21. Qb3 Nc5 22. Bxc5 Qxc5 23. Nd5 Nxd5 24. Rxd5 Qc2 25. Rb4 Qxb3 26. Rxb3 Rc7 27. Rb6 f5 28. Nd2 f4 29. Kg2 fxg3 30. hxg3 Rf6 31. b3 Bf8 32. Nc4 Re6 33. Kh3 Kf7 34. Kg4 Rg6+ 35. Kf3 Rf6+ 36. Ke3 Rg6 37. Rd1 Rf6 38. f4 Rg6 39. fxe5 Rxg3+ 40. Kf4 Rg6 41. exd6 1-0

[Event "Titled Tuesday intern op 30th Mar"]
[Site "Chess.com INT"]
[Date "2021.03.30"]
[Round "7"]
[White "Obrien, Matthew J"]
[Black "Begunov, Konstantin"]
[Result "0-1"]
[WhiteElo "2156"]
[BlackElo "2325"]
[PlyCount "98"]
[EventDate "2021.03.30"]
[EventType "swiss (blitz)"]
[EventRounds "11"]
[EventCountry "USA"]
[SourceTitle "CBM 201 Extra"]
[Source "ChessBase"]
[SourceDate "2021.05.31"]
[SourceVersion "1"]
[SourceVersionDate "2021.05.31"]
[SourceQuality "1"]

1. e4 c5 2. Nf3 d6 3. d4 cxd4 4. Nxd4 Nf6 5. Nc3 a6 6. Be3 Ng4 7. Bg5 Nc6 8. Be2 Qb6 9. Bxg4 Qxd4 10. 0-0 Qxd1 11. Bxd1 e6 12. Be2 Be7 13. Be3 b5 14. a4 b4 15. Na2 Bb7 16. Rfd1 a5 17. c3 bxc3 18. Nxc3 0-0 19. f3 Nb4 20. Rd2 d5 21. exd5 Nxd5 22. Nxd5 Bxd5 23. Bd4 Rfb8 24. Bb5 Rc8 25. Bc3 Rc7 26. Re1 Bg5 27. Rde2 h5 28. Re5 f6 29. R5e2 h4 30. h3 Bf4 31. Rd1 Kf7 32. Ra1 Bg3 33. Be1 Bxe1 34. Raxe1 Rac8 35. Rd2 Rc1 36. Rxc1 Rxc1+ 37. Kf2 Ke7 38. Ke3 Kd6 39. Kd3 g5 40. Ke3 Kc5 41. Kf2 Kb4 42. Ke3 Re1+ 43. Kf2 Rb1 44. Ke3 Kb3 45. f4 Rxb2 46. Rd3+ Kb4 47. fxg5 fxg5 48. Rd4+ Kc5 49. Rg4 Rxg2 0-1

[Event "Titled Tuesday intern op 30th Mar"]
[Site "Chess.com INT"]
[Date "2021.03.30"]
[Round "5"]
[White "Obrien, Matthew J"]
[Black "Kazarian, Anna Maja"]
[Result "1-0"]
[WhiteElo "2156"]
[BlackElo "2096"]
[PlyCount "63"]
[EventDate "2021.03.30"]
[EventType "swiss (blitz)"]
[EventRounds "11"]
[EventCountry "USA"]
[SourceTitle "CBM 201 Extra"]
[Source "ChessBase"]
[SourceDate "2021.05.31"]
[SourceVersion "1"]
[SourceVersionDate "2021.05.31"]
[SourceQuality "1"]

1. e4 e6 2. d4 d5 3. Nc3 Nf6 4. Bg5 dxe4 5. Nxe4 Nbd7 6. Nf3 Be7 7. Nxf6+ Bxf6 8. h4 c5 9. dxc5 Qa5+ 10. c3 Qxc5 11. Bd3 h6 12. Be3 Qc7 13. Qd2 a6 14. 0-0-0 Nc5 15. Bc2 b5 16. Bd4 Nd7 17. Be4 Bb7 18. Bxb7 Qxb7 19. Bxf6 Nxf6 20. Qd6 Nd5 21. Rhe1 Rd8 22. Qc5 b4 23. c4 Nb6 24. Rxd8+ Kxd8 25. Rd1+ Ke8 26. Ne5 f6 27. Nc6 Kf7 28. Nd8+ Rxd8 29. Rxd8 Na4 30. Qd6 Qxg2 31. Qd7+ Kg6 32. Qxa4 1-0

[Event "Titled Tuesday intern op 19th Jan"]
[Site "Chess.com INT"]
[Date "2021.01.19"]
[Round "3"]
[White "Obrien, Matthew J"]
[Black "Tejedor Fuente, Enrique"]
[Result "1-0"]
[WhiteElo "2156"]
[BlackElo "2426"]
[PlyCount "87"]
[EventDate "2021.01.19"]
[EventType "swiss (blitz)"]
[EventRounds "11"]
[EventCountry "USA"]
[SourceTitle "CBM 200 Extra"]
[Source "ChessBase"]
[SourceDate "2021.03.31"]
[SourceVersion "1"]
[SourceVersionDate "2021.03.31"]
[SourceQuality "1"]

1. e4 e6 2. d4 d5 3. Nc3 Bb4 4. e5 b6 5. Qg4 Kf8 6. Nf3 Ne7 7. h4 c5 8. a3 Bxc3+ 9. bxc3 Ba6 10. Bxa6 Nxa6 11. h5 h6 12. Qf4 Qd7 13. Rh3 Qa4 14. Ra2 cxd4 15. Nxd4 Ke8 16. Rg3 Qc4 17. Rxg7 Rf8 18. Nxe6 fxe6 19. Qxc4 dxc4 20. Bxh6 Nf5 21. Rh7 Nxh6 22. Rxh6 Nc5 23. Ra1 Rd8 24. f3 Rd7 25. Ke2 Rg7 26. g4 Kf7 27. Rd1 Ke7 28. Rd6 Re8 29. Rc6 Kf7 30. Rf6+ Kg8 31. h6 Rf7 32. g5 Rxf6 33. exf6 Kf7 34. Rc7+ Kg6 35. Rg7+ Kf5 36. h7 Rh8 37. f7 Nd7 38. g6 Nf8 39. Rg8 Nxg6 40. Rxh8 Nf4+ 41. Kd1 Nd5 42. f8Q+ Ke5 43. Qg7+ Kd6 44. Kd2 1-0

[Event "USA-ch Online Swiss 2400+"]
[Site "Chess.com INT"]
[Date "2020.11.29"]
[Round "2"]
[White "Obrien, Matthew J"]
[Black "Kotliar, Mark"]
[Result "0-1"]
[WhiteElo "2156"]
[BlackElo "2300"]
[PlyCount "148"]
[EventDate "2020.11.29"]
[EventType "swiss (blitz)"]
[EventRounds "12"]
[EventCountry "USA"]
[SourceTitle "CBM 199 Extra"]
[Source "ChessBase"]
[SourceDate "2021.01.31"]
[SourceVersion "1"]
[SourceVersionDate "2021.01.31"]
[SourceQuality "1"]

1. e4 e5 2. Nf3 Nc6 3. Bb5 a6 4. Ba4 d6 5. 0-0 Nge7 6. Nc3 Ng6 7. d3 Be7 8. Nd5 0-0 9. Nxe7+ Qxe7 10. Bg5 f6 11. Be3 h6 12. h3 f5 13. Bb3+ Kh8 14. exf5 Bxf5 15. Re1 Qf6 16. Bd5 Nd8 17. Ng5 c6 18. Ne4 Qh4 19. Bb3 d5 20. Ng3 Bd7 21. Qh5 Qxh5 22. Nxh5 Ne6 23. c3 Rae8 24. Rad1 Nh4 25. Kh2 Ng5 26. Bxg5 hxg5 27. f3 Bf5 28. Ng3 Bg6 29. c4 d4 30. c5 Re7 31. Bc4 Rfe8 32. Re2 Bh7 33. b4 Ng6 34. Rb2 Nf4 35. a4 Rd8 36. b5 axb5 37. axb5 cxb5 38. Rxb5 Rdd7 39. Ne4 Bxe4 40. fxe4 Rc7 41. Ra1 Kh7 42. Ra8 Ne2 43. Bg8+ Kh6 44. Rb6+ g6 45. Be6 Rxc5 46. Bf5 Rc6 47. Rxc6 bxc6 48. Bg4 Nf4 49. Ra3 c5 50. g3 Nh5 51. Ra6 Rf7 52. Bxh5 Kxh5 53. Kg2 Rc7 54. Ra8 Kh6 55. Re8 c4 56. dxc4 Rxc4 57. Rxe5 Rc3 58. Rd5 d3 59. h4 gxh4 60. gxh4 Kg7 61. Kg3 d2+ 62. Kg4 Rc2 63. e5 Kf7 64. Rd6 Ke7 65. h5 gxh5+ 66. Kxh5 Ra2 67. Kg4 Ra4+ 68. Kf3 Ra2 69. Ke2 Ra5 70. Kd1 Rxe5 71. Rxd2 Rh5 72. Re2+ Kd6 73. Kd2 Kc5 74. Re3 Kd4 0-1

[Event "Titled Tuesday intern op 27th Oct"]
[Site "Chess.com INT"]
[Date "2020.10.27"]
[Round "10"]
[White "Obrien, Matthew J"]
[Black "Salinas Herrera, Pablo Patricio"]
[Result "0-1"]
[WhiteElo "2156"]
[BlackElo "2514"]
[PlyCount "112"]
[EventDate "2020.10.27"]
[EventType "swiss (blitz)"]
[EventRounds "11"]
[EventCountry "USA"]
[SourceTitle "CBM 199 Extra"]
[Source "ChessBase"]
[SourceDate "2021.01.31"]
[SourceVersion "1"]
[SourceVersionDate "2021.01.31"]
[SourceQuality "1"]

1. e4 e5 2. Nf3 Nc6 3. Bb5 a6 4. Ba4 d6 5. 0-0 Bd7 6. c3 g6 7. d4 Bg7 8. Bg5 f6 9. Be3 Nh6 10. dxe5 dxe5 11. Qd5 Qe7 12. Na3 0-0-0 13. Qc5 Qxc5 14. Bxc5 b6 15. Be3 Ng4 16. Bc1 h5 17. h3 Nh6 18. Nc2 g5 19. Kh2 Ne7 20. Bxd7+ Rxd7 21. Be3 Rhd8 22. a4 Ng6 23. Na3 g4 24. Ng1 Nf4 25. Nc4 Kb7 26. Bxf4 exf4 27. Ne2 f3 28. Nf4 fxg2 29. Kxg2 gxh3+ 30. Kxh3 f5 31. e5 Ng4 32. Ne6 Rg8 33. Nxg7 Rdxg7 34. Rad1 b5 35. axb5 axb5 36. Na5+ Kb6 37. b4 Nxe5 38. Rd5 Ng4 39. Rxf5 c6 40. Nb3 Rd8 41. Nd4 Rd6 42. Rf8 Kb7 43. Rf5 Kb6 44. Rxh5 Nf6 45. Nf5 Nxh5 46. Nxd6 Nf4+ 47. Kh4 Rd7 48. Nf5 Rd5 49. Nd4 Nd3 50. Kg4 c5 51. bxc5+ Kxc5 52. Ne6+ Kc4 53. f4 Kxc3 54. Rf3 b4 55. f5 b3 56. Nf4 Rd4 0-1

[Event "Titled Tuesday intern op 27th Oct"]
[Site "Chess.com INT"]
[Date "2020.10.27"]
[Round "4"]
[White "Plotkin, Mark"]
[Black "Obrien, Matthew J"]
[Result "1-0"]
[WhiteElo "2435"]
[BlackElo "2156"]
[PlyCount "57"]
[EventDate "2020.10.27"]
[EventType "swiss (blitz)"]
[EventRounds "11"]
[EventCountry "USA"]
[SourceTitle "CBM 199 Extra"]
[Source "ChessBase"]
[SourceDate "2021.01.31"]
[SourceVersion "1"]
[SourceVersionDate "2021.01.31"]
[SourceQuality "1"]

1. e4 c5 2. d4 cxd4 3. c3 Nf6 4. e5 Nd5 5. Nf3 d6 6. cxd4 e6 7. Nc3 Nxc3 8. bxc3 Qc7 9. exd6 Bxd6 10. Bd2 b6 11. Bb5+ Bd7 12. Bd3 Bc6 13. 0-0 Nd7 14. c4 Bb7 15. d5 e5 16. Re1 0-0-0 17. a4 a5 18. Rb1 g6 19. Ng5 Nc5 20. Be3 h6 21. Bxc5 Bxc5 22. Ne4 Rhe8 23. Nxc5 Qxc5 24. Rb5 Qc7 25. Qb1 Rd6 26. Rc1 Kb8 27. c5 Rxd5 28. Rxb6 Re6 29. c6 1-0

[Event "Titled Tuesday intern op 4th Aug 2pm"]
[Site "Chess.com INT"]
[Date "2020.08.04"]
[Round "2"]
[White "Boruchovsky, Avital"]
[Black "Obrien, Matthew J"]
[Result "0-1"]
[WhiteElo "2541"]
[BlackElo "2156"]
[PlyCount "132"]
[EventDate "2020.08.04"]
[EventType "swiss (blitz)"]
[EventRounds "10"]
[EventCountry "USA"]
[SourceTitle "CBM 197 Extra"]
[Source "ChessBase"]
[SourceDate "2020.09.30"]
[SourceVersion "1"]
[SourceVersionDate "2020.09.30"]
[SourceQuality "1"]

1. Nf3 Nf6 2. g3 g6 3. Bg2 Bg7 4. 0-0 0-0 5. c4 d6 6. d4 c6 7. Nc3 Bf5 8. b3 Ne4 9. Bb2 Nxc3 10. Bxc3 Be4 11. Qd2 d5 12. Rfe1 Nd7 13. Bh3 Nf6 14. Qb2 e6 15. Ne5 g5 16. f3 Bf5 17. Bg2 Nd7 18. Nxd7 Qxd7 19. Rad1 Rfd8 20. e4 dxe4 21. fxe4 Bg4 22. Rd3 a5 23. a4 Re8 24. e5 Bf5 25. Rdd1 h6 26. h3 Bf8 27. Qd2 b6 28. Kh2 Red8 29. Bf3 Rac8 30. Rg1 Be7 31. Qf2 Qe8 32. Rd2 Qf8 33. Qg2 Bb4 34. Rc1 Bxc3 35. Rxc3 Qb4 36. Re3 b5 37. axb5 cxb5 38. d5 bxc4 39. bxc4 Rxc4 40. d6 a4 41. Re1 Qxd2 42. Qxd2 Rc2 43. Qxc2 Bxc2 44. Rc1 Bb3 45. Rc3 f6 46. Bc6 fxe5 47. d7 Kf7 48. Bb5 Ke7 49. Rc8 e4 50. Kg2 a3 51. Rc1 a2 52. Kf2 Bd5 53. Ke3 Kd6 54. Kd4 Rxd7 55. Bxd7 Kxd7 56. Ke5 Ke7 57. h4 gxh4 58. gxh4 e3 59. Kd4 e2 60. Ke3 Kf6 61. Kxe2 Kf5 62. Rg1 Be4 63. Ke3 Bb1 64. Rf1+ Ke5 65. Rf8 a1Q 66. Rd8 Qa3+ 0-1